Game of Thrones 20 Questions - Stannis Baratheon Quiz Stats

 Plays Quiz not verified by Sporcle

Score 0/20 Timer 10:00
0 Plays Today
Question Answer Wrong Answers
What is the name of Stannis' daughter? Shireen
97.2%
Gilly
0.3%
Selyse
1.3%
Missandei
0.4%
Who is Stannis' older brother? Robert Baratheon
96.8%
Tywin Lannister
0.3%
Renly Baratheon
1.8%
Steffon Baratheon
1.1%
How does Stannis' daughter die? Burnt alive
96.2%
Freezes to death
0.3%
Commits suicide
0.4%
Killed by Wildlings
0.3%
Who does Stannis name as his 'Hand of the King'? Davos Seaworth
96.1%
Melisandre
1.3%
Tyrion Lannister
0.2%
Samwell Tarly
0.1%
What affliction does Stannis' daughter suffer from? Greyscale
95.7%
The Pale Mare
0.8%
Lergy
0.6%
Blackfoot disease
0.4%
What deity does Stannis follow? The Lord of Light
94.5%
The Many Faced God
0.4%
The Seven
2%
The Old Gods
1.9%
What is the name of Stannis' wife? Selyse
94.4%
Melisandre
0.7%
Missandei
0.5%
Talisa
3.9%
In which battle did Stannis first fight the Lannister army? Battle of Blackwater Bay
87.6%
Sack of King's Landing
3.3%
Battle of the Whispering Wood
4.8%
Battle of Castle Black
2.5%
Under the reign of King Robert Baratheon, Stannis held which title? Master of Ships
86.3%
Master of Coin
7.3%
Master of Whisperers
1%
Hand of the King
5.2%
Why is Stannis killed? For murdering his brother
86.3%
For attacking the Boltons
6.5%
For betraying Jon Snow
3.4%
For bringing wildlings through The Wall
0.7%
Who kills Stannis? Brienne of Tarth
86.2%
Jon Snow
1.3%
Tormund Giantsbane
0.4%
Ramsay Bolton
9.3%
How does Stannis' wife die? Commits suicide
85.7%
Burnt alive
6.6%
Freezes to death
2.2%
Murdered
2.8%
What does Melisandre proclaim Stannis to be? The Prince that was Promised
83.6%
The One True God
5.8%
The Stallion that will Mount the World
3.8%
The Crowned Stag
4.4%
Stannis suffers his final defeat at the hands of which army? Bolton Army
76.8%
Wildling army
7.4%
Army of the Dead
1.2%
Lannister Army
11.8%
How does Stannis fund his military campaign? With a loan from the Iron Bank
76.2%
By selling the dragonglass beneath Dragonstone
6.1%
With a loan from the Citadel
5.8%
Through an allegiance with the Tyrells
9.2%
Which pirate is recruited to Stannis' army by Davos Seaworth? Salladhor Saan
75.2%
Illyrio Mopatis
5.8%
Xaro Xhoan Daxos
12.1%
Hizdahr zo Loraq
4.3%
Stannis' red priestess, Melisandre, claims to come from where? Asshai
72.5%
Braavos
13.4%
The Summer Isles
10.9%
Dorne
1.1%
Stannis ruled from which castle? Dragonstone
70.8%
Storm's End
23.1%
The Red Keep
1.8%
The Eyrie
2%
What is the traditional sigil of House Baratheon? A black stag on a gold field
68.6%
A red stag on a black field
21.7%
A black boar on a gold field
5.8%
A gold lion on a red field
3%
What sigil does Stannis create for himself? A crowned black stag within a fiery red heart
57.3%
A fiery red stag on a black field
13.8%
A flaming red heart
16%
A crowned black stag on a red field
11.5%

You're not logged in!

Compare scores with friends on all Sporcle quizzes.
OR
Log In

Sporcle TV

Today on Sporcle TV


Watch our educational content, quiz creation guides, and fun videos on Sporcle TV.

Show Comments

Extras

Top Quizzes Today


Score Distribution

Your Account Isn't Verified!

In order to create a playlist on Sporcle, you need to verify the email address you used during registration. Go to your Sporcle Settings to finish the process.

Report this User

Report this user for behavior that violates our Community Guidelines.

Details: